Monstercat 2013 Artists - Statistics

General Stats
  • This quiz has been taken 27 times
  • The average score is 26 of 50
Answer Stats
Answer % Correct
Au5
83%
Tristam
83%
Braken
75%
Pegboard Nerds
75%
Project 46
75%
Muzzy
67%
Rogue
67%
TwoThirds
67%
Varien
67%
Eminence
58%
Fractal
58%
Hellberg
58%
Rameses B
58%
Soulero
58%
Stephen Walking
58%
Televisor
58%
Teqq
58%
Archie
50%
Astronaut
50%
Bustre
50%
Favright
50%
Feint
50%
Insan3Lik3
50%
Lets Be Friends
50%
Mr FijiWiji
50%
Noisestorm
50%
Razihel
50%
Rezonate
50%
Stereotronique
50%
Throttle
50%
Tut Tut Child
50%
Vicetone
50%
1uP
42%
7 Minutes Dead
42%
AZEDIA
42%
Day One
42%
Direct
42%
Draper
42%
Droptek
42%
I.Y.F.F.E
42%
Krewella
42%
Mitchell Claxton
42%
PIXL
42%
Protostar
42%
TVDS
42%
Atmozfears
33%
Chris Ramos
33%
Haywyre
33%
Skifonix
33%
Falcon Funk
25%
No matching quizzes found
Score Distribution
Percent of People with Each Score
Percentile by Number Answered
Your Score History
You have not taken this quiz